[Event "BCF-chT3 1314 (4NCL)"]
[Site "England"]
[Date "2014.03.23"]
[Round "8.109"]
[White "Deighton, Simon"]
[Black "Skulte, Christopher"]
[Result "1/2-1/2"]
[WhiteElo "2021"]
[BlackElo "1978"]
[PlyCount "43"]
[EventDate "2013.11.16"]
[EventType "team-swiss"]
[EventRounds "11"]
[EventCountry "ENG"]
[SourceTitle "EXT 2015"]
[Source "ChessBase"]
[SourceDate "2014.11.20"]
[SourceVersion "1"]
[SourceVersionDate "2014.11.20"]
[SourceQuality "1"]
[WhiteTeam "Leeds University Old Boys"]
[BlackTeam "Celtic Tigers"]
[WhiteTeamCountry "ENG"]
[BlackTeamCountry "ENG"]

1. d4 d5 2. c4 Nc6 3. cxd5 Qxd5 4. e3 e5 5. Nc3 Bb4 6. a3 Bxc3+ 7. bxc3 exd4 8. cxd4 Nf6 9. Nf3 0-0 10. Be2 Ne4 11. Bd2 Bg4 12. 0-0 Rac8 13. h3 Bh5 14. Ne1 Bxe2 15. Qxe2 Nxd2 16. Qxd2 Ne7 17. Qb4 c5 18. dxc5 Rxc5 19. Nd3 Rc7 20. Rfd1 Rfc8 21. Nf4 Qe5 22. Qd4 1/2-1/2

[Event "BCF-chT3S 1314 (4NCL)"]
[Site "England"]
[Date "2014.02.16"]
[Round "6.109"]
[White "Arkell, Nicholas D"]
[Black "Skulte, Christopher"]
[Result "1-0"]
[WhiteElo "1927"]
[BlackElo "1977"]
[PlyCount "65"]
[EventDate "2013.11.16"]
[EventType "team-swiss"]
[EventRounds "6"]
[EventCountry "ENG"]
[SourceTitle "EXT 2015"]
[Source "ChessBase"]
[SourceDate "2014.11.20"]
[SourceVersion "1"]
[SourceVersionDate "2014.11.20"]
[SourceQuality "1"]
[WhiteTeam "e2e4.org.uk II"]
[BlackTeam "Celtic Tigers"]
[WhiteTeamCountry "ENG"]
[BlackTeamCountry "ENG"]

1. Nf3 Nf6 2. g3 e6 3. c4 b6 4. Nc3 Bb7 5. Bg2 Be7 6. 0-0 0-0 7. b3 d5 8. cxd5 Nxd5 9. Nxd5 Bxd5 10. Bb2 Nd7 11. Qc2 c5 12. d3 Rc8 13. Rac1 Qc7 14. Rfd1 Qb7 15. Ne1 Bg5 16. Rb1 Rfd8 17. f4 Bxg2 18. Nxg2 Bf6 19. e4 Qa6 20. e5 Be7 21. Ne3 Nb8 22. f5 exf5 23. Nxf5 Nc6 24. Qe2 Bf8 25. e6 Qb7 26. Nh6+ Kh8 27. Nxf7+ Kg8 28. Nxd8 Rxd8 29. Rf1 Nd4 30. Bxd4 Rxd4 31. Rf7 Qd5 32. Rbf1 Bd6 33. e7 1-0